[Event "Is Bankasi Online Satranc Turn.13-14 Yas"]
[Site "T#645826Mustafa Kemal"]
[Date "2020.05.08"]
[Round "1"]
[White "Onuryasa94"]
[Black "Furkanaliskin84"]
[Result "0-1"]
[WhiteElo "1232"]
[BlackElo "1620"]
[Annotator "NA RC"]
[PlyCount "90"]
[EventDate "2020.05.08"]
[EventType "swiss (blitz)"]

1. e4 {[%emt 0:00:03]} c5 {[%emt 0:00:02]} 2. Nf3 {[%emt 0:00:03]} e6 {[%emt 0:00:01]} 3. Nc3 {[%emt 0:00:02]} Nc6 {[%emt 0:00:01]} 4. Bc4 {[%emt 0:00:02]} a6 {[%emt 0:00:01]} 5. d3 {[%emt 0:00:03]} b5 {[%emt 0:00:02]} 6. Bb3 {[%emt 0:00:04]} Qc7 {[%emt 0:00:03]} 7. O-O {[%emt 0:00:04]} Nf6 {[%emt 0:00:01]} 8. Be3 {[%emt 0:00:07]} Be7 {[%emt 0:00:05]} 9. Re1 {[%emt 0:00:03]} O-O {[%emt 0:00:02]} 10. d4 {[%emt 0:00:02]} cxd4 {[%emt 0:00:02]} 11. Nxd4 {[%emt 0:00:03]} Bb7 {[%emt 0:00:02]} 12. Qf3 {[%emt 0:00:04]} Rfd8 {[%emt 0:00:05]} 13. Rad1 {[%emt 0:00:03]} Nxd4 {[%emt 0:00:06]} 14. Bxd4 {[%emt 0:00:03]} e5 {[%emt 0:00:08]} 15. Be3 {[%emt 0:00:05]} d6 {[%emt 0:00:06]} 16. Qg3 {[%emt 0:00:02]} Nxe4 {[%emt 0:00:12]} 17. Nxe4 {[%emt 0:00:04]} Bxe4 {[%emt 0:00:00]} 18. Rd2 {[%emt 0:00:06]} a5 {[%emt 0:00:05]} 19. a3 {[%emt 0:00:06]} a4 {[%emt 0:00:01]} 20. Ba2 {[%emt 0:00:02]} Bg6 {[%emt 0:00:06]} 21. b3 {[%emt 0:00:05]} axb3 {[%emt 0:00:04]} 22. Bxb3 {[%emt 0:00:02]} Rxa3 {[%emt 0:00:02]} 23. Rd3 {[%emt 0:00:04]} Bxd3 {[%emt 0:00:02]} 24. Bh6 {[%emt 0:00:10]} Bf6 {[%emt 0:00:04]} 25. Bd5 {[%emt 0:00:50]} Qxc2 {[%emt 0:00:30]} 26. Rc1 {[%emt 0:00:13]} Qb2 {[%emt 0:00:09]} 27. h3 {[%emt 0:00:16]} Bc4 {[%emt 0:00:27]} 28. Bf3 {[%emt 0:00:07]} Ra1 {[%emt 0:00:10]} 29. Rxa1 {[%emt 0:00:13]} Qxa1+ {[%emt 0:00:00]} 30. Kh2 {[%emt 0:00:02]} e4 {[%emt 0:00:10]} 31. Bxe4 {[%emt 0:00:10]} Be5 {[%emt 0:00:05]} 32. f4 {[%emt 0:00:04]} Bf6 {[%emt 0:00:08]} 33. Qg4 {[%emt 0:00:14]} Kh8 {[%emt 0:00:16]} 34. Qf5 {[%emt 0:00:04]} Kg8 {[%emt 0:00:16]} 35. Qxh7+ {[%emt 0:00:09]} Kf8 {[%emt 0:00:01]} 36. Qh8+ {[%emt 0:00:01]} Ke7 {[%emt 0:00:01]} 37. Qh7 {[%emt 0:00:03]} gxh6 {[%emt 0:00:03]} 38. Qxh6 {[%emt 0:00:03]} Qd4 {[%emt 0:00:05]} 39. Qh7 {[%emt 0:00:03]} Bd5 {[%emt 0:00:05]} 40. Bf3 {[%emt 0:00:06]} Bxf3 {[%emt 0:00:02]} 41. gxf3 {[%emt 0:00:01]} Rc8 {[%emt 0:00:03]} 42. Qb1 {[%emt 0:00:05]} Qf2+ {[%emt 0:00:03]} 43. Kh1 {[%emt 0:00:03]} Rh8 {[%emt 0:00:02]} 44. Qg1 {[%emt 0:00:07]} Rxh3+ {[%emt 0:00:03]} 45. Qh2 {[%emt 0:00:03]} Qxh2# {[%emt 0:00:01] (Lag: Av=0.58s, max=6.5s)} 0-1

[Event "Is Bankasi Online Satranc Turn.13-14 Yas"]
[Site "T#645826Mustafa Kemal"]
[Date "2020.05.08"]
[Round "2"]
[White "Yankitaspinar54"]
[Black "Kaanacar92"]
[Result "1-0"]
[WhiteElo "2032"]
[BlackElo "1620"]
[Annotator "TA"]
[PlyCount "63"]
[EventDate "2020.05.08"]
[EventType "swiss (blitz)"]

{[%evp 9,62,53,70,29,33,21,16,21,52,35,44,22,39,18,41,20,39,41,41,32,38,33,35,16,24,33,54,56,86,0,274,292,318,318,304,297,454,449,649,649,641,647,927,741,697,697,798,806,925,910,1166,1161,29998,29999,29999]} 1. d4 Nf6 2. c4 Nc6 3. Nc3 e5 4. d5 Ne7 5. g3 Ng6 6. Bg2 {A50: Queen's Fianchetto Defence (1 d4 Nf6 2 c4 b6).} Bc5 7. e4 O-O 8. Nge2 {The position is equal.} d6 9. O-O a5 10. Qd3 {[#]} h6 $146 ({Predecessor:} 10... Bd7 11. h3 Ne8 12. Be3 b6 13. Kh2 f5 14. exf5 Bxf5 15. Be4 Bxe4 16. Nxe4 Bxe3 17. fxe3 Nf6 18. N2c3 Nxe4 19. Nxe4 Qe7 20. Rxf8+ Nxf8 21. Rf1 Nd7 22. Qe2 {½-½ (22) Kiltti,J (2240)-Virtanen,A Hyvinkaa 1994}) 11. Be3 Ba7 12. Kh1 Nh5 13. Bxa7 Rxa7 14. Qf3 Nf6 15. Qe3 Ra8 16. f4 exf4 17. gxf4 Bg4 18. Nd4 $36 {[%mdl 2048] White has the initiative.} Nh5 19. Rf2 ({Better is} 19. f5 $16 Ne5 20. h3) 19... Nh4 $2 {[%mdl 8192]} (19... Qh4 $11 {and Black has nothing to worry.}) 20. Bh3 $18 Bxh3 21. Qxh3 Qf6 {[#]} 22. Nde2 $1 Rfe8 (22... g6 $142 23. Rg1 Ng7) 23. Rg1 c6 (23... Kh8 $142 24. Rg4 g5 25. fxg5 {[%mdl 64] Discovered Attack} Qxf2) 24. Qg4 Ng6 {Black hopes to continue with ...Qh4.} 25. Qxh5 b5 26. cxb5 cxb5 27. Rfg2 b4 {[#]} 28. e5 $1 dxe5 29. Ne4 Qe7 30. f5 Nf4 31. Rxg7+ Kf8 32. Rg8# {Accuracy: White = 91%, Black = 44%.} 1-0

[Event "Is Bankasi Online Satranc Turn.13-14 Yas"]
[Site "T#645826Mustafa Kemal"]
[Date "2020.05.08"]
[Round "2"]
[White "Eraykilic78"]
[Black "Mertkabalar06"]
[Result "0-1"]
[WhiteElo "1837"]
[BlackElo "1620"]
[Annotator "NA RC"]
[PlyCount "88"]
[EventDate "2020.05.08"]
[EventType "swiss (blitz)"]

1. e4 {[%emt 0:00:02]} e6 {[%emt 0:00:07]} 2. d4 {[%emt 0:00:02]} d5 {[%emt 0:00:05]} 3. e5 {[%emt 0:00:01]} c5 {[%emt 0:00:04]} 4. c3 {[%emt 0:00:01]} Bd7 {[%emt 0:00:03]} 5. Nf3 {[%emt 0:00:02]} Nc6 {[%emt 0:00:04]} 6. Bd3 {[%emt 0:00:01]} cxd4 {[%emt 0:00:05]} 7. cxd4 {[%emt 0:00:00]} Qb6 {[%emt 0:00:07]} 8. O-O {[%emt 0:00:02]} Nxd4 {[%emt 0:00:04]} 9. Nbd2 {[%emt 0:00:01]} Nc6 {[%emt 0:00:06]} 10. Nb3 {[%emt 0:00:01]} Nge7 {[%emt 0:00:05]} 11. Be3 {[%emt 0:00:02]} Qc7 {[%emt 0:00:04]} 12. Rc1 {[%emt 0:00:01]} Ng6 {[%emt 0:00:04]} 13. Bxg6 {[%emt 0:00:40]} hxg6 {[%emt 0:00:04]} 14. h3 {[%emt 0:00:02]} Rc8 {[%emt 0:00:05]} 15. Nc5 {[%emt 0:00:03]} Be7 {[%emt 0:00:05]} 16. Nxd7 {[%emt 0:00:09]} Qxd7 {[%emt 0:00:04]} 17. a3 {[%emt 0:00:02]} O-O {[%emt 0:00:05]} 18. Re1 {[%emt 0:00:02]} b6 {[%emt 0:00:06]} 19. b4 {[%emt 0:00:07]} Nb8 {[%emt 0:00:07]} 20. Bg5 {[%emt 0:00:10]} Bxg5 {[%emt 0:00:08]} 21. Nxg5 {[%emt 0:00:00]} Rxc1 {[%emt 0:00:08]} 22. Qxc1 {[%emt 0:00:00]} Rc8 {[%emt 0:00:06]} 23. Qf4 {[%emt 0:00:02]} Rc4 {[%emt 0:00:05]} 24. Qf3 {[%emt 0:00:02]} Nc6 {[%emt 0:00:04]} 25. Qg3 {[%emt 0:00:09]} Nd4 {[%emt 0:00:05]} 26. Qd3 {[%emt 0:00:11]} Qc7 {[%emt 0:00:04]} 27. Qd2 {[%emt 0:00:16]} Nc2 {[%emt 0:00:04]} 28. Rf1 {[%emt 0:00:06]} Qxe5 {[%emt 0:00:05]} 29. Nf3 {[%emt 0:00:04]} Qf6 {[%emt 0:00:05]} 30. b5 {[%emt 0:00:09]} Nxa3 {[%emt 0:00:04]} 31. Qa2 {[%emt 0:00:01]} Nxb5 {[%emt 0:00:05]} 32. Qa6 {[%emt 0:00:01]} Rc5 {[%emt 0:00:06]} 33. Qb7 {[%emt 0:00:10]} Qd8 {[%emt 0:00:06]} 34. h4 {[%emt 0:00:03]} Nd6 {[%emt 0:00:05]} 35. Qa6 {[%emt 0:00:07]} Qc7 {[%emt 0:00:05]} 36. Qa3 {[%emt 0:00:05]} a5 {[%emt 0:00:05]} 37. Ng5 {[%emt 0:00:02]} b5 {[%emt 0:00:05]} 38. Qh3 {[%emt 0:00:04]} Rc1 {[%emt 0:00:05]} 39. Rxc1 {[%emt 0:00:06]} Qxc1+ {[%emt 0:00:06]} 40. Kh2 {[%emt 0:00:01]} Qf4+ {[%emt 0:00:05]} 41. Kg1 {[%emt 0:00:01]} b4 {[%emt 0:00:07]} 42. g3 {[%emt 0:00:04]} Qc1+ {[%emt 0:00:04]} 43. Kg2 {[%emt 0:00:03]} b3 {[%emt 0:00:04]} 44. Nxe6 {[%emt 0:00:07]} b2 {[%emt 0:00:05] Eraykilic78 terk eder (Lag: Av=0.58s, max=0.8s)} 0-1

[Event "Is Bankasi Online Satranc Turn.13-14 Yas"]
[Site "T#645826Mustafa Kemal"]
[Date "2020.05.08"]
[Round "2"]
[White "Doruksezis38"]
[Black "Melihguren12"]
[Result "0-1"]
[WhiteElo "1824"]
[BlackElo "1620"]
[Annotator "NA RC"]
[PlyCount "110"]
[EventDate "2020.05.08"]
[EventType "swiss (blitz)"]

1. e4 {[%emt 0:00:03]} c5 {[%emt 0:00:01]} 2. Nf3 {[%emt 0:00:03]} g6 {[%emt 0:00:01]} 3. d4 {[%emt 0:00:03]} cxd4 {[%emt 0:00:03]} 4. Nxd4 {[%emt 0:00:00]} Bg7 {[%emt 0:00:01]} 5. c4 {[%emt 0:00:02]} Nc6 {[%emt 0:00:02]} 6. Be3 {[%emt 0:00:01]} d6 {[%emt 0:00:02]} 7. Nc3 {[%emt 0:00:01]} Nf6 {[%emt 0:00:02]} 8. Be2 {[%emt 0:00:04]} O-O {[%emt 0:00:03]} 9. O-O {[%emt 0:00:01]} Bd7 {[%emt 0:00:02]} 10. Qd2 {[%emt 0:00:01]} Rc8 {[%emt 0:00:03]} 11. Rac1 {[%emt 0:00:02]} Ne5 {[%emt 0:00:03]} 12. b3 {[%emt 0:00:21]} Nfg4 {[%emt 0:00:34]} 13. Bxg4 {[%emt 0:00:07]} Nxg4 {[%emt 0:00:02]} 14. Bg5 {[%emt 0:00:13]} h6 {[%emt 0:00:13]} 15. Bh4 {[%emt 0:00:02]} Nf6 {[%emt 0:00:08]} 16. Nd5 {[%emt 0:00:15]} Nxe4 {[%emt 0:00:42]} 17. Qe3 {[%emt 0:00:26]} Nf6 {[%emt 0:00:20]} 18. Nxe7+ {[%emt 0:00:01]} Kh7 {[%emt 0:00:02]} 19. Nxc8 {[%emt 0:00:01]} Qxc8 {[%emt 0:00:01]} 20. Rfe1 {[%emt 0:00:36]} Ng4 {[%emt 0:00:10]} 21. Qd2 {[%emt 0:00:14]} Qc5 {[%emt 0:00:17]} 22. Nc2 {[%emt 0:00:25]} Bc6 {[%emt 0:00:19]} 23. Ne3 {[%emt 0:00:15]} Qh5 {[%emt 0:00:19]} 24. Bg3 {[%emt 0:00:19]} Be5 {[%emt 0:00:07]} 25. Nxg4 {[%emt 0:00:02]} Qxg4 {[%emt 0:00:00]} 26. Qe2 {[%emt 0:00:03]} Qg5 {[%emt 0:00:03]} 27. Qe3 {[%emt 0:00:03]} Qg4 {[%emt 0:00:05]} 28. Rcd1 {[%emt 0:00:02]} Re8 {[%emt 0:00:03]} 29. Qd3 {[%emt 0:00:06]} f5 {[%emt 0:00:03]} 30. h3 {[%emt 0:00:02]} Qg5 {[%emt 0:00:01]} 31. Qd2 {[%emt 0:00:04]} f4 {[%emt 0:00:01]} 32. Qe2 {[%emt 0:00:07]} fxg3 {[%emt 0:00:03]} 33. f3 {[%emt 0:00:00]} Bd4+ {[%emt 0:00:03]} 34. Rxd4 {[%emt 0:00:01]} Rxe2 {[%emt 0:00:01]} 35. Rxe2 {[%emt 0:00:00]} Qf6 {[%emt 0:00:01]} 36. Rde4 {[%emt 0:00:01]} h5 {[%emt 0:00:02]} 37. R4e3 {[%emt 0:00:01]} Qg5 {[%emt 0:00:02]} 38. Re1 {[%emt 0:00:01]} Qf5 {[%emt 0:00:01]} 39. Re7+ {[%emt 0:00:01]} Kh6 {[%emt 0:00:01]} 40. R7e2 {[%emt 0:00:03]} d5 {[%emt 0:00:02]} 41. cxd5 {[%emt 0:00:01]} Bxd5 {[%emt 0:00:00]} 42. Re5 {[%emt 0:00:02]} Qd3 {[%emt 0:00:01]} 43. R5e3 {[%emt 0:00:01]} Qd4 {[%emt 0:00:01]} 44. Kh1 {[%emt 0:00:02]} Bc6 {[%emt 0:00:01]} 45. R3e2 {[%emt 0:00:02]} Bb5 {[%emt 0:00:01]} 46. Re4 {[%emt 0:00:02]} Qb2 {[%emt 0:00:01]} 47. a4 {[%emt 0:00:02]} Bd3 {[%emt 0:00:02]} 48. R4e3 {[%emt 0:00:01]} Ba6 {[%emt 0:00:01]} 49. h4 {[%emt 0:00:05]} Qf2 {[%emt 0:00:02]} 50. Re8 {[%emt 0:00:06]} Bf1 {[%emt 0:00:06]} 51. Rh8+ {[%emt 0:00:05]} Kg7 {[%emt 0:00:01]} 52. Re7+ {[%emt 0:00:02]} Kf6 {[%emt 0:00:01]} 53. Rf8+ {[%emt 0:00:03]} Kxe7 {[%emt 0:00:01]} 54. Rf7+ {[%emt 0:00:02]} Kxf7 {[%emt 0:00:02]} 55. b4 {[%emt 0:00:02]} Qxg2# {[%emt 0:00:01] (Lag: Av=0.71s, max=4.7s)} 0-1

[Event "Is Bankasi Online Satranc Turn.13-14 Yas"]
[Site "T#645826Mustafa Kemal"]
[Date "2020.05.08"]
[Round "2"]
[White "Alikarakilinc90"]
[Black "Dorukulker32"]
[Result "1-0"]
[WhiteElo "1815"]
[BlackElo "1620"]
[Annotator "NA RC"]
[PlyCount "141"]
[EventDate "2020.05.08"]
[EventType "swiss (blitz)"]

1. e4 {[%emt 0:00:03]} c5 {[%emt 0:00:02]} 2. d4 {[%emt 0:00:04]} cxd4 {[%emt 0:00:03]} 3. c3 {[%emt 0:00:01]} Nf6 {[%emt 0:00:01]} 4. e5 {[%emt 0:00:02]} Nd5 {[%emt 0:00:01]} 5. cxd4 {[%emt 0:00:01]} b6 {[%emt 0:00:04]} 6. Nf3 {[%emt 0:00:03]} e6 {[%emt 0:00:02]} 7. Nc3 {[%emt 0:00:04]} Nxc3 {[%emt 0:00:02]} 8. bxc3 {[%emt 0:00:02]} Qc7 {[%emt 0:00:01]} 9. Bb2 {[%emt 0:00:03]} Bb7 {[%emt 0:00:02]} 10. Rc1 {[%emt 0:00:03]} d6 {[%emt 0:00:03]} 11. Be2 {[%emt 0:00:05]} Nd7 {[%emt 0:00:03]} 12. c4 {[%emt 0:00:05]} dxe5 {[%emt 0:00:03]} 13. dxe5 {[%emt 0:00:03]} Nxe5 {[%emt 0:00:05]} 14. Bxe5 {[%emt 0:00:09]} Bb4+ {[%emt 0:00:27]} 15. Bc3 {[%emt 0:00:10]} Ba3 {[%emt 0:00:07]} 16. Rc2 {[%emt 0:00:05]} O-O {[%emt 0:00:02]} 17. O-O {[%emt 0:00:04]} Rfd8 {[%emt 0:00:02]} 18. Rd2 {[%emt 0:00:04]} Rxd2 {[%emt 0:00:22]} 19. Qxd2 {[%emt 0:00:04]} Rd8 {[%emt 0:00:03]} 20. Qc2 {[%emt 0:00:03]} Bxf3 {[%emt 0:00:31]} 21. Bxf3 {[%emt 0:00:14]} Qxc4 {[%emt 0:00:02]} 22. Qb3 {[%emt 0:00:01]} Qc5 {[%emt 0:00:27]} 23. Rd1 {[%emt 0:00:11]} Rc8 {[%emt 0:00:09]} 24. Bd4 {[%emt 0:00:11]} Qe7 {[%emt 0:00:30]} 25. Bb2 {[%emt 0:00:07]} Bc5 {[%emt 0:00:05]} 26. Bd4 {[%emt 0:00:15]} Bd6 {[%emt 0:00:09]} 27. Qd3 {[%emt 0:00:05]} Qh4 {[%emt 0:00:10]} 28. g3 {[%emt 0:00:11]} Qe7 {[%emt 0:00:05]} 29. Bb2 {[%emt 0:00:07]} Rd8 {[%emt 0:00:05]} 30. Qe2 {[%emt 0:00:03]} Rc8 {[%emt 0:00:03]} 31. Qd2 {[%emt 0:00:08]} Bb4 {[%emt 0:00:02]} 32. Qe2 {[%emt 0:00:07]} h6 {[%emt 0:00:04]} 33. Kg2 {[%emt 0:00:06]} Bc5 {[%emt 0:00:01]} 34. Bd4 {[%emt 0:00:04]} Bxd4 {[%emt 0:00:02]} 35. Rxd4 {[%emt 0:00:02]} e5 {[%emt 0:00:00]} 36. Rd1 {[%emt 0:00:03]} f5 {[%emt 0:00:01]} 37. Bd5+ {[%emt 0:00:01]} Kh7 {[%emt 0:00:02]} 38. Qf3 {[%emt 0:00:07]} Qf6 {[%emt 0:00:02]} 39. Bb3 {[%emt 0:00:06]} e4 {[%emt 0:00:01]} 40. Qe2 {[%emt 0:00:04]} Rf8 {[%emt 0:00:02]} 41. f3 {[%emt 0:00:08]} h5 {[%emt 0:00:04]} 42. fxe4 {[%emt 0:00:04]} f4 {[%emt 0:00:09]} 43. Rf1 {[%emt 0:00:06]} f3+ {[%emt 0:00:01]} 44. Rxf3 {[%emt 0:00:05]} Qh6 {[%emt 0:00:02]} 45. Qe3 {[%emt 0:00:04]} Qxe3 {[%emt 0:00:03]} 46. Rxe3 {[%emt 0:00:01]} Rc8 {[%emt 0:00:01]} 47. Kf3 {[%emt 0:00:03]} Rc1 {[%emt 0:00:02]} 48. Rd3 {[%emt 0:00:02]} Rh1 {[%emt 0:00:02]} 49. h4 {[%emt 0:00:01]} Rg1 {[%emt 0:00:01]} 50. Kf2 {[%emt 0:00:01]} Rc1 {[%emt 0:00:02]} 51. Rd7 {[%emt 0:00:03]} a5 {[%emt 0:00:02]} 52. Rb7 {[%emt 0:00:01]} Rc6 {[%emt 0:00:02]} 53. Kf3 {[%emt 0:00:06]} Rf6+ {[%emt 0:00:01]} 54. Ke3 {[%emt 0:00:01]} Rc6 {[%emt 0:00:01]} 55. Kf2 {[%emt 0:00:04]} Kh6 {[%emt 0:00:01]} 56. Bd5 {[%emt 0:00:03]} Rd6 {[%emt 0:00:02]} 57. Kf3 {[%emt 0:00:04]} g5 {[%emt 0:00:04]} 58. hxg5+ {[%emt 0:00:02]} Kxg5 {[%emt 0:00:01]} 59. Rg7+ {[%emt 0:00:02]} Kf6 {[%emt 0:00:01]} 60. Rh7 {[%emt 0:00:02]} Kg6 {[%emt 0:00:01]} 61. Ra7 {[%emt 0:00:03]} Rf6+ {[%emt 0:00:01]} 62. Ke3 {[%emt 0:00:02]} Kg5 {[%emt 0:00:02]} 63. Rg7+ {[%emt 0:00:03]} Kh6 {[%emt 0:00:02]} 64. Rg8 {[%emt 0:00:01]} Kh7 {[%emt 0:00:07]} 65. Rb8 {[%emt 0:00:04]} Kg6 {[%emt 0:00:01]} 66. e5 {[%emt 0:00:01]} Rf5 {[%emt 0:00:03]} 67. Be4 {[%emt 0:00:03]} Kg5 {[%emt 0:00:02]} 68. Bxf5 {[%emt 0:00:01]} Kxf5 {[%emt 0:00:01]} 69. Rxb6 {[%emt 0:00:01]} Kxe5 {[%emt 0:00:01]} 70. Rb5+ {[%emt 0:00:01]} Ke6 {[%emt 0:00:01]} 71. Rxh5 {[%emt 0:00:02] Zaman} 1-0

[Event "Is Bankasi Online Satranc Turn.13-14 Yas"]
[Site "T#645826Mustafa Kemal"]
[Date "2020.05.08"]
[Round "2"]
[White "Emreakdas24"]
[Black "Muhammedeminar20"]
[Result "1/2-1/2"]
[WhiteElo "1767"]
[BlackElo "1620"]
[Annotator "NA RC"]
[PlyCount "170"]
[EventDate "2020.05.08"]
[EventType "swiss (blitz)"]

1. f4 {[%emt 0:00:05]} e5 {[%emt 0:00:08]} 2. d3 {[%emt 0:00:12]} Nc6 {[%emt 0:00:17]} 3. Nf3 {[%emt 0:00:02]} d6 {[%emt 0:00:26]} 4. e4 {[%emt 0:00:03]} Bg4 {[%emt 0:00:08]} 5. Be2 {[%emt 0:00:01]} Qd7 {[%emt 0:00:03]} 6. O-O {[%emt 0:00:02]} Nf6 {[%emt 0:00:12]} 7. h3 {[%emt 0:00:15]} Bxf3 {[%emt 0:00:04]} 8. Bxf3 {[%emt 0:00:02]} Be7 {[%emt 0:00:05]} 9. Nc3 {[%emt 0:00:02]} Nd4 {[%emt 0:00:10]} 10. Be3 {[%emt 0:00:10]} Nxf3+ {[%emt 0:00:05]} 11. Qxf3 {[%emt 0:00:02]} O-O {[%emt 0:00:10]} 12. f5 {[%emt 0:00:15]} c6 {[%emt 0:00:13]} 13. Rf2 {[%emt 0:00:13]} d5 {[%emt 0:00:04]} 14. Qg3 {[%emt 0:00:29]} d4 {[%emt 0:01:02]} 15. Bh6 {[%emt 0:00:02]} Nh5 {[%emt 0:00:02]} 16. Qg4 {[%emt 0:00:22]} dxc3 {[%emt 0:00:06]} 17. Qxh5 {[%emt 0:00:04]} gxh6 {[%emt 0:00:16]} 18. Qxh6 {[%emt 0:00:07]} Kh8 {[%emt 0:00:07]} 19. f6 {[%emt 0:00:04]} Rg8 {[%emt 0:00:00]} 20. fxe7 {[%emt 0:00:02]} Qxe7 {[%emt 0:00:00]} 21. Raf1 {[%emt 0:00:04]} Rg7 {[%emt 0:00:01]} 22. bxc3 {[%emt 0:00:03]} Rag8 {[%emt 0:00:00]} 23. g4 {[%emt 0:00:05]} Rg6 {[%emt 0:00:05]} 24. Qe3 {[%emt 0:00:04]} R6g7 {[%emt 0:00:05]} 25. Qh6 {[%emt 0:00:02]} Rg6 {[%emt 0:00:01]} 26. Qe3 {[%emt 0:00:05]} Qh4 {[%emt 0:00:01]} 27. Rg2 {[%emt 0:00:16]} h5 {[%emt 0:00:02]} 28. Rxf7 {[%emt 0:00:03]} hxg4 {[%emt 0:00:01]} 29. Qg3 {[%emt 0:00:12]} Qxg3 {[%emt 0:00:02]} 30. Rxg3 {[%emt 0:00:01]} gxh3 {[%emt 0:00:01]} 31. Rxg6 {[%emt 0:00:02]} Rxg6+ {[%emt 0:00:00]} 32. Kh2 {[%emt 0:00:01]} Rg2+ {[%emt 0:00:01]} 33. Kxh3 {[%emt 0:00:01]} Rxc2 {[%emt 0:00:00]} 34. d4 {[%emt 0:00:06]} exd4 {[%emt 0:00:03]} 35. cxd4 {[%emt 0:00:02]} Rd2 {[%emt 0:00:01]} 36. Rd7 {[%emt 0:00:08]} Rxa2 {[%emt 0:00:01]} 37. e5 {[%emt 0:00:01]} Re2 {[%emt 0:00:02]} 38. Rxb7 {[%emt 0:00:01]} a5 {[%emt 0:00:01]} 39. Rc7 {[%emt 0:00:03]} a4 {[%emt 0:00:06]} 40. Rxc6 {[%emt 0:00:02]} a3 {[%emt 0:00:00]} 41. Ra6 {[%emt 0:00:01]} a2 {[%emt 0:00:00]} 42. e6 {[%emt 0:00:05]} Rxe6 {[%emt 0:00:06]} 43. Rxa2 {[%emt 0:00:03] Muhammedeminar20 beraberlik teklif ediyor} Rd6 {[%emt 0:00:02]} 44. Rd2 {[%emt 0:00:02]} Kg7 {[%emt 0:00:01]} 45. Kg4 {[%emt 0:00:02]} Kf6 {[%emt 0:00:01]} 46. Kf4 {[%emt 0:00:01]} Ke6 {[%emt 0:00:01]} 47. Ke4 {[%emt 0:00:01]} Ra6 {[%emt 0:00:01]} 48. Rh2 {[%emt 0:00:01]} Ra1 {[%emt 0:00:03]} 49. Rh6+ {[%emt 0:00:01]} Kd7 {[%emt 0:00:01]} 50. Kd5 {[%emt 0:00:01]} Ra5+ {[%emt 0:00:01]} 51. Ke4 {[%emt 0:00:01]} Ra4 {[%emt 0:00:02]} 52. Ke5 {[%emt 0:00:01]} Ra1 {[%emt 0:00:05]} 53. Rh7+ {[%emt 0:00:01]} Kc6 {[%emt 0:00:04]} 54. d5+ {[%emt 0:00:01]} Kc5 {[%emt 0:00:01]} 55. Rc7+ {[%emt 0:00:02]} Kb6 {[%emt 0:00:01]} 56. Rc3 {[%emt 0:00:02]} Re1+ {[%emt 0:00:01]} 57. Kd6 {[%emt 0:00:01]} Rd1 {[%emt 0:00:01]} 58. Ke6 {[%emt 0:00:01]} Re1+ {[%emt 0:00:01]} 59. Kd7 {[%emt 0:00:01] Muhammedeminar20 beraberlik teklif ediyor} Rd1 {[%emt 0:00:04]} 60. d6 {[%emt 0:00:01]} Rd5 {[%emt 0:00:03]} 61. Ke7 {[%emt 0:00:02]} Re5+ {[%emt 0:00:01]} 62. Kd8 {[%emt 0:00:01]} Rd5 {[%emt 0:00:03]} 63. d7 {[%emt 0:00:01]} Rd1 {[%emt 0:00:02]} 64. Rc4 {[%emt 0:00:04]} Kb7 {[%emt 0:00:02]} 65. Ke7 {[%emt 0:00:02]} Re1+ {[%emt 0:00:02]} 66. Kd6 {[%emt 0:00:01]} Rd1+ {[%emt 0:00:01]} 67. Ke6 {[%emt 0:00:01]} Re1+ {[%emt 0:00:06]} 68. Kd6 {[%emt 0:00:01]} Rd1+ {[%emt 0:00:01]} 69. Ke7 {[%emt 0:00:01]} Re1+ {[%emt 0:00:00]} 70. Kd8 {[%emt 0:00:01]} Rd1 {[%emt 0:00:01]} 71. Rc7+ {[%emt 0:00:01]} Kb8 {[%emt 0:00:02]} 72. Rc5 {[%emt 0:00:01]} Kb7 {[%emt 0:00:03]} 73. Re5 {[%emt 0:00:02]} Kc6 {[%emt 0:00:08]} 74. Re6+ {[%emt 0:00:03]} Kb7 {[%emt 0:00:03]} 75. Re4 {[%emt 0:00:01]} Rd2 {[%emt 0:00:03]} 76. Rb4+ {[%emt 0:00:02]} Kc6 {[%emt 0:00:01]} 77. Rc4+ {[%emt 0:00:01]} Kb7 {[%emt 0:00:01] Muhammedeminar20 beraberlik teklif ediyor} 78. Rc5 {[%emt 0:00:02]} Rd3 {[%emt 0:00:02]} 79. Ke7 {[%emt 0:00:01]} Re3+ {[%emt 0:00:02]} 80. Kd6 {[%emt 0:00:01]} Rd3+ {[%emt 0:00:01]} 81. Ke6 {[%emt 0:00:22]} Re3+ {[%emt 0:00:03]} 82. Kf7 {[%emt 0:00:07]} Rd3 {[%emt 0:00:02] Muhammedeminar20 beraberlik teklif ediyor} 83. Ke8 {[%emt 0:00:01]} Re3+ {[%emt 0:00:02]} 84. Kd8 {[%emt 0:00:01]} Rd3 {[%emt 0:00:01]} 85. Rc4 {[%emt 0:00:01]} Rd1 {[%emt 0:00:02] (Lag: Av=0.74s, max=1.0s)} 1/2-1/2

[Event "Is Bankasi Online Satranc Turn.13-14 Yas"]
[Site "T#645826Mustafa Kemal"]
[Date "2020.05.08"]
[Round "2"]
[White "Hasanatis76"]
[Black "Egemenkorkmaz54"]
[Result "1-0"]
[WhiteElo "1767"]
[BlackElo "1620"]
[Annotator "NA RC"]
[PlyCount "59"]
[EventDate "2020.05.08"]
[EventType "swiss (blitz)"]

1. d4 {[%emt 0:00:03]} Nf6 {[%emt 0:00:03]} 2. Nf3 {[%emt 0:00:01]} e6 {[%emt 0:00:02]} 3. Bg5 {[%emt 0:00:01]} Be7 {[%emt 0:00:04]} 4. e3 {[%emt 0:00:02]} h6 {[%emt 0:00:04]} 5. Bh4 {[%emt 0:00:03]} d5 {[%emt 0:00:02]} 6. Be2 {[%emt 0:00:02]} O-O {[%emt 0:00:17]} 7. O-O {[%emt 0:00:03]} c5 {[%emt 0:00:01]} 8. c4 {[%emt 0:00:03]} cxd4 {[%emt 0:00:02]} 9. Nxd4 {[%emt 0:00:13]} dxc4 {[%emt 0:00:02]} 10. Bxc4 {[%emt 0:00:02]} Qb6 {[%emt 0:00:12]} 11. Nc3 {[%emt 0:00:05]} Qxb2 {[%emt 0:00:09]} 12. Ncb5 {[%emt 0:00:05]} Na6 {[%emt 0:00:08]} 13. Rb1 {[%emt 0:00:04]} Qc3 {[%emt 0:00:04]} 14. Nxc3 {[%emt 0:00:02]} b6 {[%emt 0:00:03]} 15. Qf3 {[%emt 0:00:11]} Rb8 {[%emt 0:00:14]} 16. Nc6 {[%emt 0:00:02]} Rb7 {[%emt 0:00:03]} 17. Bxa6 {[%emt 0:00:02]} Rc7 {[%emt 0:00:05]} 18. Nxe7+ {[%emt 0:00:01]} Rxe7 {[%emt 0:00:08]} 19. Bxf6 {[%emt 0:00:00]} gxf6 {[%emt 0:00:02]} 20. Qxf6 {[%emt 0:00:03]} Rc7 {[%emt 0:00:13]} 21. Bxc8 {[%emt 0:00:10]} Rfxc8 {[%emt 0:00:04]} 22. Ne4 {[%emt 0:00:03]} Rc2 {[%emt 0:00:25]} 23. Qxh6 {[%emt 0:00:07]} f5 {[%emt 0:00:07]} 24. Qxe6+ {[%emt 0:00:04]} Kg7 {[%emt 0:00:02]} 25. Qf6+ {[%emt 0:00:01]} Kg8 {[%emt 0:00:04]} 26. Ng5 {[%emt 0:00:01]} R8c7 {[%emt 0:00:05]} 27. Qg6+ {[%emt 0:00:07]} Kf8 {[%emt 0:00:09]} 28. Ne6+ {[%emt 0:00:02]} Ke7 {[%emt 0:00:03]} 29. Nxc7 {[%emt 0:00:00]} Rxc7 {[%emt 0:00:01]} 30. Qg7+ {[%emt 0:00:00] Egemenkorkmaz54 terk eder (Lag: Av=1.33s, max=1.9s)} 1-0